01043nam a22001817a 450000500170000000800410001704000290005804100080008708200120009510000390010724501300014625000210027626000770029730000350037450003710040965000290078065000520080920151125152745.0151009s1919 ag ||||fr|||| 010 0 spa d cSandra YazodSandra Yazo0 aspa04220a9801 aSuárez, José Leónd1872-192910aCarácter de la revolución AméricanabUn punto de vista mas verdadero y justo sobre la independencia hispano - americana aCuarta edición aBuenos Aires (Argentina)bLibrería "La Facultad" - Juan Roldánc1919 axx, 237 páginasc19 x 13 cm. aDetalles físicos: Encuadernación flexible en cartulina. Tapa con datos de publicación impresos, bordes deteriorados y rasgados. Lomo roto. Anteportada. Hoja de cortesía con retrato del autor. Portada impresa en una sola tinta. Texto impreso en una columna. Cenefas. Algunas notas al pie de página. Ejemplar en mal estado de conservación, desencuadernado 7aHistoria america del sur 7aIndependencia xInvestigación zSur América